| 000 | 01206nas a2200289 4500 | ||
|---|---|---|---|
| 001 | BR8706270 | ||
| 003 | BR-BrBNA | ||
| 005 | 20231205090845.0 | ||
| 007 | ta | ||
| 008 | 230509b bl.|||p| |||| 00| 00por d | ||
| 040 |
_aBR-BrBNA _bpor _cBiblioteca Nacional de Agricultura |
||
| 041 | _a(Pt) | ||
| 072 | _aL72 | ||
| 100 | 1 | _aMachado, R.Z. | |
| 100 | 1 | _aMachado, C.R. | |
| 100 | 1 | _aToledo, C.Z.P. | |
| 100 | 1 | _aFerreira, F.A. | |
| 100 | 1 | _aRocha, U.F. | |
| 245 | 1 | _aEcologia em carrapatos 13 - Boophilus microplus (Canestrini, 1887)em infestacoes naturais de veados (Azotocerus bezoarticus bezoarticus, Linnaeus, 1766)e capivaras (Hydrochoerus hydrochoeris hydrochoeris, Linnaeus, 1762)dos Estados de Sao Paulo e Mato Grosso do Sul | |
| 246 | 1 | _aEcology of ticks, 13 - Boophilus microplus (Canestrini, 1887)in natural infestation of deer (Ozotocerus bezoarticus bezoarticus, Linnaeus, 1762)in the states of Sao Paulo and Mato Grosso do Sul, Brazil | |
| 650 | _aCARRAPATO | ||
| 650 | _aECOLOGIA | ||
| 650 | _aEPIDEMIOLOGIA | ||
| 773 | 0 |
_tArs Veterinaria (Brazil) _xISSN 0102-6380 _g(Nov 1985), v. 1(1) p. 47-50 _wBR8706270 |
|
| 909 |
_a202311 _bLúcia _c55 _dLúcia Elande |
||
| 942 |
_2AGRIS _n0 _cANA |
||
| 999 |
_c121277 _d121277 |
||